General Knowledge Trivia for Masochists #6 - Statistics

General Stats
  • This quiz has been taken 462 times
  • The average score is 15 of 100
Answer Stats
category question Answer % Correct
Food & Drink "Eat Fresh" is the motto of what fast food company with over 30,000 locations worldwide? Subway
67%
Sports & Games While the dolphin kick is often used when swimmers are underwater, it is a fundamental part of what competitive stroke? Butterfly
66%
World Culture Images and references to what ursine character who first appeared in 1925 are banned in China due to the character's supposed resemblance to Xi Jinping? Winnie-the-Pooh
66%
Music Eminem (2024) and Dua Lipa (2023) both released songs titled after what Hungarian-American escapologist? Harry Houdini
64%
Sports & Games Who won or co-won the Mr. Olympia title seven times between 1970 and 1980? Arnold Schwarzenegger
63%
Movies & TV What 2017 Pixar film was the first to feature a nine-figure budget and an all-Latino principal cast? Coco
53%
STEM The annotation mark known as an obelus gave rise to several modern symbols including the dagger and the commercial minus. A third symbol derived from the obelus is used for what mathematics operation? Division
53%
Miscellaneous What three English words end a phrase that is the most common translation of a French WW1 slogan for soldiers defending a position? The same words also end a phrase that Ian McKellen used to block a demon from crossing a bridge in a 2001 film adaptation? Shall Not Pass
50%
World Culture What British orthodontist gave his name to a technique of orthotropics where one uses pressure from the tongue to modify their jawline into a more pleasing shape? John Mew
41%
STEM Patellar, rooting, and photic sneeze are three types of what action that is homonymous with the R in an SLR camera? Reflex
36%
Food & Drink Washing the curds to reduce lactose, and sealing with a wax cover are some features of what light, nutty cheese named for a city located between Rotterdam and Utrecht? Gouda
35%
Miscellaneous Low-cut shoes with a strap across the instep often worn by young girls are called by what two female first names that can also be used for plants of the species Indica or Sativa? Mary Jane
34%
History Bishop Carlos Filipe Ximenes Belo and José Ramos-Horta won the 1996 Nobel Peace Prize for their work in what country which wouldn't gain independence until several years later? Timor Leste
34%
History A kingdom formed by the union of the Kingdom of Naples with another kingdom in 1816 is known as the Kingdom of the Two what? Sicilies
31%
Sports & Games What fencing discipline allows swords to weigh more than 500g and also allows points to be scored with touches on any part of the body? Epee
30%
Geography & Language Telugu, Kannada, Tamil and Malayalam are the most spoken languages in what language group? Dravidian
29%
Music The completely unintelligbile lyrics for Yellow Ledbetter were sung by Eddie Vedder for the 1991 debut album of what band? Pearl Jam
29%
World Culture The 24th and final tirthankara, known as Mahavira, is credited as one of the founders of what religion? Jainism
28%
Music Located in a former power plant, what Berlin location is known as the world capital of techno? Its penchant for hedonistic activities and drug use has caused controversy in Germany. Berghain
25%
Movies & TV In My Little Pony: Friendship is Magic, which of the Mane Six is best described as a tomboy with a multi-colored tail? Rainbow Dash
24%
Sports & Games What Brazilian martial artist was the UFC title holder for 2,457 days between 2006 and 2013? Anderson Silva
23%
STEM What term is used for a solution with an equilibrium between a weak acid and a conjugate base such that when a strong acid or base is added, the change in total Ph is low? Buffer Solution
23%
STEM What extremely venomous snake endemic to Australia and New Guinea is named after an Aboriginal word for the creator being? Taipan
22%
Geography & Language What stately name is given to the body of water also known as the Sea of Cortés or the Vermilion Sea? Gulf of California
20%
Movies & TV The 1973 miniseries translated as "Scenes from a Marriage" starring Liv Ullmann and Erland Josephson was credited with a spike in the divorce rates throught Europe. The show was written and directed by what legendary film director? Ingmar Bergman
20%
Arts & Lit Dharma Bums is the sequel to what book widely considered to be the defining work of the Beat generation? On the Road
20%
Music A popular song composed in 1880 by Luigi Denza was written to commemorate the first of what mode of transportation that brought tourists up Mount Vesuvius? Funicular
19%
Arts & Lit "Plump or rounded in a pleasing way" is an excerpt from the definition of the style of art exemplified by what prolific 16-17th c. Flemish artist? Peter Paul Rubens
19%
World Culture Coined in 1990, what term is used for Indigenous North Americans to denote a third-gender role? Two-spirit
18%
Geography & Language What 288-m deep lake on the Albania-North Macedonia border lies just west of Lake Prespa? Lake Ohrid
17%
STEM The benzodiazepine drug diazepam, used to treat anxiety, is perhaps better known by what trade name owned by the pharmaceutical company Roche? Valium
17%
Geography & Language What Roman general and Christian martyr is the namesake of a Dutch island in the Caribbean that lies just northwest of Saint Kitts? Sint Eustatius
16%
Movies & TV What 1980 black comedy has hunter gatherer Nǃxau ǂToma try to return a Coca-cola glass bottle to the deities that he thinks dropped it? The Gods Must Be Crazy
15%
Movies & TV Flower Films is a film and TV production company co-owned by what multi-generational nepo-baby who got her breakout role in 1982 at age 7? Drew Barrymore
14%
World Culture The freemasonry symbol of an eye inside a triangle surrounded by rays of light is known as the Eye of what? Providence
14%
Sports & Games What baseball pitcher became the first to throw two complete games in the playoffs since 2001 when he accomplished the feat against the Brewers and the Blue Jays in 2025? Yoshinobu Yamamoto
14%
Miscellaneous When guns are loaded from the front of the barrel it is known as muzzle loading. What term describes loading guns from the rear of the barrel? Breech loading
13%
Arts & Lit "Mad About the Boy" is the subtitle of the third book in a series where what titular woman seeks love from a much younger man on Tinder? (first and last name required) Bridget Jones
13%
Geography & Language The city of Nizhny Novgorod was named after what Bolshevik author during the Soviet era? Maxim Gorky
13%
Food & Drink Spago, located in West Hollywood, is the first restaurant and the flagship for what Austrian-born celebrity chef? Wolfgang Puck
13%
Music In a 2025 song by Kehlani, what is the state of her ex's clothes that are ready to be picked up? The adjective also serves as the song title. Folded
12%
Sports & Games In 2026, Luca Pinheiro Braathen, representing Brazil, won the first ever winter Olympic medal for a South American country. What specific event did he win gold in? (Men's) Giant Slalom
12%
History What was the name of the Visigothic king, who after fighting alongside the Romans against the Franks, turned on his erstwhile allies and sacked Rome in 410 CE? Alaric
11%
History The Jallianwala Bagh massacre, in which British troops opened fire at Indians gathering for the Vaisakhi festival, occurred in 1919 in what city? Amritsar
11%
Sports & Games Rash, Zitz and Pimple were the three protagonists of what game series started in 1991 that was meant to rival the Teenage Mutant Ninja Turtles? Battletoads
11%
Food & Drink A sweetened cocktail of rum, citrus juice and sugar is named for what Cuban beach? Daiquiri
11%
Music Fingal's Cave is an alternate name for a concert overture by Felix Mendelssohn that is named after what group of islands? Hebrides
11%
Geography & Language What walled city in Brittany located on the Rance estuary is known for its long history of piracy? Saint-Malo
11%
Sports & Games What game, in which squidgers are used to propel objects upwards from the tabletop and into a pot, gets its name from British slang for a bar? Tiddlywinks
11%
Miscellaneous Correctly spell either the last name of the ice hockey goalie who won the Hart Memorial Trophy in 2025 *or* the adopted penname of Michel Thomas, the controversial French author of "Atomised." Hellebuyck, Houellebecq
10%
Miscellaneous What Russian anarchist spent the 41 years prior to the Bolshevik revolution in exile, including 4 years in a French prison? His works include "The Conquest of Bread" and "Fields, Factories, and Workshops." Peter Kropotkin
10%
Sports & Games The wild-card system or play-in games are examples of what tournament practice that allows players or teams who failed to qualify outright to compete? The word comes from French for "fishing out." Repechage
10%
Movies & TV King Kong (1933) and Citizen Kane (1941) were two films produced by what "Big Five" film studio of Hollywood's Golden Age? RKO
10%
Food & Drink What term is used for a social event in Latin American countries where grilled meats are cooked over an open flame? Asado
9%
STEM The bioluminescence of fungi in decaying wood is known by what compound word? While it has multiple common names, please give the one that combines the same two words as a popular open-source program arranged in the opposite order. Foxfire
9%
History A 1980 uprising against the coup of Chun Doo-hwan occurred in what city, leading to a violent crackdown with an estimated 600-2300 dead? Gwangju
8%
Geography & Language What dormant stratovolcano in Iran contains the highest point in western Asia? Mount Damavand
8%
Geography & Language A historic street in York, where medieval buildings with jettied floors overhang the street, has led to the common use of what word to mean something in a disordered state? Shambles
8%
Movies & TV In what HBO show does John Goodman play Eli, the head of a family of televangelists? Eli's son Jesse is played by show creator Danny McBride. The Righteous Gemstones
8%
Arts & Lit What holiday and year titles a W.B. Yeats poem that laments the deaths of "MacDonagh and MacBride and Connolly and Pearse"? Easter, 1916
7%
History The last major revolt against the Bolsheviks occurred in March 1921 and was centered and named after what port city on the Gulf of Finland? Kronstadt
7%
History What strongman, the son of a German immigrant, ruled Paraguay for 35 years in the second half the 20th century? Alfredo Stroessner
6%
STEM A diminutive form of "sphere" in Hungarian is used to define what class of convex 3D objects that have only one stable and one unstable equilibrium point? Gömböc
6%
Movies & TV Name the award-winning director of Monsoon Wedding and Mississippi Masala who is the mother of NYC mayor Zohran Mamdani? Mira Nair
6%
Miscellaneous What legal term describes a judgment made either on part or on the whole case without a full trial? Summary Judgment
6%
STEM The Peltier effect, the Seebeck effect, and the Thomson effect are all related to different behaviors of what electrical device? Thermocouple
6%
Music A 14 stanza ballad about an inept underling by Goethe provided the inspiration for what Paul Dukas work, one of his few works to survive to the present day? The Sorcerer's Apprentice
6%
Music The "Cedar of Lebanon" is one of the nicknames of what mononymous singer born Nouhad Wadie Haddad, whose 6-decade career includes around 1500 songs? Fairuz
5%
Food & Drink Tea in which the leaves have been withered, steamed and rolled up into small pellets is given what name? Gunpowder Tea
5%
World Culture What is the largest madhhab of Sunni Islam, the most popular through most of Central Asia, all of Pakistan, as well as many sections of the Levant and Asia Minor? Hanafi
5%
Music Jimmy Jam and Terry Lewis were producers most associated with what three-word genre that fused hip-hop with dance-pop and is most associated with artists like Janet Jackson? New Jack Swing
5%
Arts & Lit What Chinese classic novel follows 108 outlaws who plan a rebellion, but later join forces with the government to resist invading armies? Water Margin
5%
Geography & Language The Brazilian highlands, stretching from Mato Grosso do Sul to Maranhao, make up the core of what tropical savanna ecoregion that accounts for 21% of Brazil's land area? Cerrado
4%
STEM Relating to aging at the cell level, the number of times a human cell can divide before ceasing cell division is a limit named after what anatomist? Leonard Hayflick
4%
Arts & Lit Al Hirschfeld used to hide what name in his line drawings? The term has become slang for any hidden name or messages, especially in crossword puzzles. Nina
4%
Arts & Lit A 1962 advice book by Helen Gurley Brown encouraging women to experience sexual relationships before marriage was known as "Sex and the" what? Single Girl
4%
Miscellaneous Meaning "little man" what term is used for retired Italian men who offer unsolicited advice at construction sites? Umarell
4%
World Culture What Spanish transliteration of a Taíno word was used for the chieftains of islands in the Antilles and Bahamas? Cazique
3%
Music A fusion of western jazz melodies with African metre is a feature of what Ghanaian music genre that began in the 19th century and was recognized as a UNESCO intangible cultural heritage in 2025? Highlife
3%
STEM What American astronomer has a name remembered almost solely for the comets he discovered independently of Lewis Swift in 1862 and of Wilhelm Tempel in 1866? Horace Parnell Tuttle
3%
Arts & Lit The Pulitzer winning photograph "The Vulture and the Little Girl" that brought attention to the hunger crisis in Sudan in the early 1990s was taken by what photographer? The photographer committed suicide four months after winning the prize. Kevin Carter
3%
Sports & Games What bar game that uses serial numbers on currency instead of playing cards titles a semi-autobiographical book by Michael Lewis about bond trading on Wall Street? Liar's Poker
3%
World Culture A combination of thirteen ethnolinguistic groups comprising about 7 million make up what largest non-Christian population in the Philippines? Moro
3%
World Culture First mentioned in the Vedas, what word is used for both the realm of hell in Indian religions and the devilish beings that reside there? Naraka(s)
3%
Arts & Lit A collection of animal fables compiled sometime around 500 CE is known as what, a Sanskrit compound meaning Five Principles? Panchatantra
3%
History What name was given to the pro-nepotism faction of the Republican party led by Roscoe Conkling, who sponsored Ulysses S. Grant for an unsuccessful third run for president in 1880? Stalwarts
3%
Movies & TV What BBC sitcom, that aired from 1979 to 1981 has a title that is a pun on a phrase from Hamlet? The original phrase means naturally at ease in a situation and the pun converts it to have aristocratic overtones. To The Manor Born
3%
Movies & TV The most successful Dutch film, a romance between artist Eric Vonk and Olga Stapels, has what title that includes a non-Dutch nationality? Turks Fruit (Turkish Delight)
3%
History Who ruled as queen of the Ambundu for over 30 years in the 17th century? She allied with the Dutch against the Portuguese, briefly recapturing Luanda. Nzinga
2%
Miscellaneous What term, which dates to Ancient Rome to refer to an elderly male head of the household, was used by Jung to refer to the person that emerges after wrestling with an animus or anima problem? Senex
2%
Food & Drink Literally meaning "ground meat" in Japanese, what paste usually made from fish is common in many food items such as kamaboko, narutomaki, and jakoten? Surimi
2%
Food & Drink What French Canadian meat pie is part of the traditional Christmas and New Year's Eve meals in Quebec? Tourtiere
2%
Miscellaneous Flip-flops gained in popularity in the United States when soldiers returned from Japan with what thonged sandals? Zori
2%
Geography & Language What is the name of the plateau that is located between the Annamite Range and the Mekong river in Champasak province, Laos? Bolaven Plateau
1%
Food & Drink What stew of corn, beans, fish, meat and often blood sasuage is the national dish of Cape Verde? Cachupa
1%
Miscellaneous Eva Perón (in Evita) and Grizabella (in Cats) were two of many West End roles originated by what English singer/actress? Elaine Paige
1%
History The third Babylonian dynasty, which ruled from 1595 to 1000 BCE was named after what people from the Zagros mountains? Kassites
1%
Arts & Lit What term from French classical literature is used for a style of drama where all actions and events are believable? In this genre, soliloquies are replaced with conversations with confidants. Vraisemblance
1%
Food & Drink A base made from taro or breadfruit and an emollient such as coconut milk are used to make what Polynesian pudding with a name from Hawaiian? Haupia
0%
World Culture What Catalan mixed-gender circle dance uses two or three-step movements around the circle and dates to the 16th century at latest? Sardana
0%
No matching quizzes found
Score Distribution
Percent of People with Each Score
Percentile by Number Answered
Your Score History
You have not taken this quiz